Vég és határ

Podrobná bibliografia
Hlavný autor: Hernádi, Mária (Autor)
Médium: Článok
Jazyk:slovenčina
maďarčina
Fyzický popis:Fotogr.
ISSN:1335-1862
Predmet:

MARC

LEADER 00000nab a2200000 a 4500
001 vtls000814695
003 SK-MaSNL
005 20260304105606.0
008 250429c2002 xo 0 slo
015 |a SNBRB2002/11-36645 
035 |a CLN000166350 
035 |a urn:nbn:sk:snk-abouq 
035 |a (urnnbn)urn:nbn:sk:snk:ar-00398i 
035 |a (uuid)a862ee51-f6e1-4117-9829-c7eed291b3ea 
040 |a SNKBUCL  |b slo  |c SNKBUCL  |e AACR2 
041 0 |a hun 
044 |a xo  |c SK 
080 |a 82.033:894.511-3  |2 1997 
080 |a 82.091  |2 1997 
080 |a 894.511-3.033  |2 1997 
100 1 |a Hernádi, Mária  |4 aut  |9 1042748 
245 1 0 |a Vég és határ  |c Hernádi Mária 
300 |b Fotogr. 
504 |a Bibliogr. odkazy 
600 1 7 |a Nádas, Péter,  |d 1942-  |t Egy családregény vége  |2 snkbucl  |9 849084 
600 1 7 |a Ottlik, Géza,  |d 1912-1990  |t Iskola a határon  |2 snkbucl  |9 1407119 
655 7 |a články z novín a časopisov  |2 snkbucl  |9 267496 
773 0 |t Kalligram  |g Č. 10 (2002), s. 65-81  |x 1335-1862 
850 |a Slovenská národná knižnica 
852 |a Slovenská národná knižnica 
958 |a article27 
958 |a OND 
958 |a HU 
958 |a NB 
958 |a LX 
992 |a RBX 
999 |c 2856259  |d 2858189